00722nam a2200229Ia 4500003000900000008004100009040001300050040001300063041000800076100002000084245006100104250000900165260002800174260000900202300001100211300001000222490002800232490000600260942000700266999001700273952020200290IT-RoPAU120407s9999 xx 000 0 und d aIT-RoPAU cIT-RoPAU aita aClemente Romano a"Lettera ai Corinti. A cura di Igino Giordani. 2a. ed." aRoma aPia Società San Paolo c1944 a198 p. c18 cm aFiore dei S. Padri, 24 v1 cBK c28247d28247 00102ddc406276_800000000000000_12471aPAULUSbPAULUSd2012-04-11l0o276.8.124r2012-04-11 00:00:00w2012-04-11yBKzInserito da: Anna In data: 14 luglio 2011 fondo: Via A.Severo 56 Progr:24274